000 00368nam a2200145Ia 4500
008 191201s2010 xx 000 0 und d
082 _a658.562
_bSHT
100 _aSHRIDHARA BHAT, K
245 0 _aTotal Quality Management Text and Cases
250 _aEd.2
260 _aN.Delhi
_bHimalaya Publication House
_c2010
300 _a758
650 _aMBA
942 _2ddc
_cBK
999 _c4312
_d4312